[Event "Junior Online 4NCL Division 5"]
[Site "online"]
[Date "2020.05.07"]
[Round "4.113"]
[White "Harper, Luke"]
[Black "Erhardt, Edmond"]
[Result "0-1"]
[WhiteElo "1075"]
[BlackElo "1165"]
[PlyCount "88"]
[EventDate "2020.05.07"]
[WhiteTeam "SASCA Sharks"]
[BlackTeam "Liverpool 2"]

1. d4 Nf6 2. c4 d6 3. Nc3 Nc6 4. e3 e5 5. Nge2 Bf5 6. dxe5 Nxe5 7. b3 d5 8. Nd4
Bb4 9. Bd2 c6 10. Nxf5 Qd7 11. Nxg7+ Kd8 12. Nh5 Nxh5 13. Qxh5 dxc4 14. Qxe5
Re8 15. Bxc4 Rxe5 16. Rd1 Re6 17. Bxe6 Qxe6 18. O-O Kc7 19. Nb5+ cxb5 20. Bxb4
Qg4 21. Rc1+ Kb6 22. Bc5+ Ka5 23. b4+ Ka6 24. h3 Qg5 25. Ra1 Rg8 26. g4 b6 27.
Bd4 Qh4 28. a4 bxa4 29. Rfc1 Qxh3 30. Be5 Rxg4+ 31. Bg3 Rxb4 32. Rc3 Qf5 33.
Rc7 Qf6 34. Rac1 h5 35. R1c6 Qb2 36. Rc2 Qb1+ 37. Rc1 Qb3 38. R7c3 Qe6 39. Bc7
Qg4+ 40. Bg3 h4 41. Kg2 hxg3 42. fxg3 Rb2+ 43. Kf1 Qe2+ 44. Kg1 Qg2# 0-1

[Event "Junior Online 4NCL Division 5"]
[Site "online"]
[Date "2020.05.07"]
[Round "4.114"]
[White "Guelbenzu, William"]
[Black "Dewis, Oliver"]
[Result "0-1"]
[WhiteElo "1127"]
[BlackElo "1037"]
[PlyCount "90"]
[EventDate "2020.05.07"]
[WhiteTeam "Liverpool 2"]
[BlackTeam "SASCA Sharks"]

1. e4 Nf6 2. e5 Ng4 3. Qxg4 d5 4. exd6 Bxg4 5. dxc7 Qxc7 6. Bb5+ Kd8 7. Nc3 Qc5
8. d3 e6 9. Bg5+ f6 10. Be3 Qh5 11. h3 Bf5 12. g4 Bxg4 13. f3 Bxf3 14. Nxf3
Qxf3 15. Kd2 Qg2+ 16. Ne2 Bb4+ 17. c3 Bc5 18. Bxc5 Qg5+ 19. Kc2 Qxc5 20. Ba4
Nc6 21. Rae1 Kc7 22. d4 Qc4 23. Bb3 Qb5 24. c4 Qh5 25. Nf4 Qf3 26. Nxe6+ Kd7
27. Nc5+ Kd6 28. Re6+ Kc7 29. a3 Qxh1 30. Ba4 Nxd4+ 31. Kd3 Nxe6 32. Nxe6+ Kd6
33. Nd4 Qxh3+ 34. Ke4 Qh4+ 35. Kd3 Kc5 36. Ne6+ Kd6 37. Nd4 Rhd8 38. c5+ Kxc5
39. b4+ Kb6 40. Kc4 Qxd4+ 41. Kb3 Rac8 42. Ka2 Qd3 43. b5 Rc2+ 44. Bxc2 Qxc2+
45. Ka1 Rd1# 0-1

[Event "Junior Online 4NCL Division 5"]
[Site "online"]
[Date "2020.05.07"]
[Round "4.115"]
[White "Lang, Fred"]
[Black "Atkinson, Matthew"]
[Result "1-0"]
[WhiteElo "1307"]
[BlackElo "1247"]
[PlyCount "99"]
[EventDate "2020.05.07"]
[WhiteTeam "Liverpool 2"]
[BlackTeam "SASCA Sharks"]

1. e4 e5 2. Nf3 Nc6 3. d4 d6 4. dxe5 dxe5 5. Qxd8+ Kxd8 6. b3 Nf6 7. Nc3 Bb4 8.
Bb2 Nxe4 9. O-O-O+ Bd7 10. Nxe4 f6 11. Bb5 Ke7 12. Bxc6 Bxc6 13. Nc3 Ke6 14.
Rhe1 a5 15. Nd4+ Kd7 16. Nxc6+ Kxc6 17. a3 Bxc3 18. Bxc3 a4 19. bxa4 Rxa4 20.
Bb4 Kb6 21. Kb2 Ka6 22. Rd7 Kb6 23. Rxg7 Kc6 24. Rf7 h5 25. Rxf6+ Kd5 26. Rd1+
Kc4 27. Re6 c5 28. Bc3 Ra5 29. Bxa5 Rg8 30. Rxe5 Rxg2 31. Rxh5 Rxf2 32. Bb6 Kb5
33. Bxc5 Re2 34. Kb3 Rg2 35. Rd4 Rg6 36. Bf8+ Kc6 37. Rh6 Rxh6 38. Bxh6 Kc5 39.
Rb4 Kc6 40. Bg5 Kc7 41. h4 Kc6 42. h5 b5 43. h6 Kc5 44. h7 Kc6 45. h8=Q Kd5 46.
Rxb5+ Ke4 47. Qe5+ Kf3 48. Qf4+ Ke2 49. Re5+ Kd1 50. Qd2# 1-0

[Event "Junior Online 4NCL Division 5"]
[Site "online"]
[Date "2020.05.07"]
[Round "4.116"]
[White "Wang, Xiaorui"]
[Black "Esparza, Santiago"]
[Result "0-1"]
[WhiteElo "1030"]
[BlackElo "1180"]
[PlyCount "68"]
[EventDate "2020.05.07"]
[WhiteTeam "SASCA Sharks"]
[BlackTeam "Liverpool 2"]

1. e4 e5 2. Bc4 Nc6 3. Nf3 Bc5 4. d3 Nf6 5. Ng5 d5 6. exd5 Na5 7. Bb5+ Bd7 8.
Bxd7+ Qxd7 9. Nc3 O-O 10. Qf3 c6 11. dxc6 Qxc6 12. O-O Qxf3 13. Nxf3 Rae8 14.
Bd2 Nc6 15. Rfe1 Bd4 16. Be3 Bxc3 17. bxc3 e4 18. Nd2 exd3 19. Bc5 Rxe1+ 20.
Nf1 Rxa1 21. Bxf8 Kxf8 22. g3 dxc2 23. Kg2 c1=Q 24. Ne3 Qxc3 25. Kf3 Nd4+ 26.
Kg2 Qe1 27. Kh3 Rxa2 28. Ng4 Nxg4 29. Kxg4 Qxf2 30. Kg5 Qf5+ 31. Kh4 g5+ 32.
Kh5 Ne6 33. h4 Ng7+ 34. Kh6 Qg6# 0-1

[Event "Junior Online 4NCL Division 5"]
[Site "online"]
[Date "2020.05.07"]
[Round "4.117"]
[White "Erhardt, Edmond"]
[Black "Harper, Luke"]
[Result "0-1"]
[WhiteElo "1165"]
[BlackElo "1075"]
[PlyCount "160"]
[EventDate "2020.05.07"]
[WhiteTeam "Liverpool 2"]
[BlackTeam "SASCA Sharks"]

1. d4 d5 2. Bf4 Nc6 3. Nf3 f6 4. e3 g5 5. Bg3 Nh6 6. Bd3 Bf5 7. O-O Bxd3 8.
Qxd3 Qd7 9. Nc3 Nf5 10. Bxc7 Qxc7 11. Qxf5 h5 12. Nxd5 Qd6 13. Nc3 h4 14. Nb5
Qd7 15. Qg6+ Kd8 16. Qe4 f5 17. Qd3 Nb4 18. Qc4 a6 19. Qxb4 axb5 20. Ne5 Qd5
21. Ng6 Rg8 22. Ne5 g4 23. c4 bxc4 24. Nxc4 h3 25. Qb6+ Ke8 26. f3 gxf3 27.
Rxf3 Qxf3 28. Qb5+ Kd8 29. Qb6+ Kc8 30. Qe6+ Kb8 31. Qxg8 hxg2 32. Qxf8+ Ka7
33. Ne5 Qxe3+ 34. Kxg2 Rxf8 35. Rb1 Qe4+ 36. Nf3 Rg8+ 37. Kf2 Qh4+ 38. Nxh4 Rg5
39. Ke3 Kb6 40. Rc1 Rh5 41. Ng6 Rh3+ 42. Kf4 Rxh2 43. Nxe7 Re2 44. Nxf5 Rf2+
45. Ke5 Re2+ 46. Kd5 Rxb2 47. Ra1 Rb5+ 48. Ke4 Kc7 49. Rc1+ Kd7 50. d5 Rb4+ 51.
Ke5 Rb5 52. Kd4 Rb4+ 53. Rc4 Rb5 54. Rc5 Rb4+ 55. Rc4 Rb5 56. Ne3 Ra5 57. Rb4
Kc7 58. Nc4 Ra6 59. Kc5 Ra5+ 60. Rb5 Rxa2 61. d6+ Kd7 62. Rxb7+ Kc8 63. Rc7+
Kd8 64. Kc6 Rc2 65. Kb7 Rc3 66. d7 Rb3+ 67. Kc6 Rd3 68. Ne5 Rc3+ 69. Kd6 Rxc7
70. Ke6 Rxd7 71. Nf7+ Kc7 72. Ne5 Rd6+ 73. Kf5 Rd4 74. Nf3 Rd5+ 75. Ke6 Kc6 76.
Ne5+ Kc5 77. Nd7+ Kd4 78. Nb6 Re5+ 79. Kd6 Re4 80. Nd5 Re5 0-1

[Event "Junior Online 4NCL Division 5"]
[Site "online"]
[Date "2020.05.07"]
[Round "4.118"]
[White "Dewis, Oliver"]
[Black "Guelbenzu, William"]
[Result "1-0"]
[WhiteElo "1037"]
[BlackElo "1127"]
[PlyCount "49"]
[EventDate "2020.05.07"]
[WhiteTeam "SASCA Sharks"]
[BlackTeam "Liverpool 2"]

1. d4 d5 2. c4 dxc4 3. e4 Nf6 4. Nd2 Nc6 5. Bxc4 Nxd4 6. Ndf3 Nxf3+ 7. Nxf3
Qxd1+ 8. Kxd1 Bg4 9. h3 Bxf3+ 10. gxf3 O-O-O+ 11. Ke1 e6 12. Bg5 Bb4+ 13. Kf1
h6 14. Bf4 Rd4 15. Rc1 Bd2 16. Rd1 Rhd8 17. Bxd2 Rxc4 18. Ke2 g5 19. Bc3 Rxd1
20. Rxd1 Nd7 21. Kd3 Rc6 22. Ke3 Nc5 23. Bf6 Rd6 24. Ke2 Rb6 25. Rd8# 1-0

[Event "Junior Online 4NCL Division 5"]
[Site "online"]
[Date "2020.05.07"]
[Round "4.121"]
[White "Manouvel, Loic"]
[Black "Xu, Albert"]
[Result "0-1"]
[WhiteElo "1375"]
[BlackElo "1450"]
[PlyCount "60"]
[EventDate "2020.05.07"]
[WhiteTeam "Bristol Bishops"]
[BlackTeam "Cambridge Chess & Go B"]

1. e4 e5 2. Nf3 Nc6 3. Bc4 Bc5 4. Ng5 Qxg5 5. O-O Qe7 6. Nc3 Nf6 7. d3 d6 8.
Bg5 Be6 9. Nd5 Bxd5 10. Bxd5 O-O-O 11. Qd2 Nb4 12. a3 Nbxd5 13. exd5 h6 14. Bh4
g5 15. Bg3 Nxd5 16. b4 Bd4 17. c3 Bxc3 18. Qc2 Bxa1 19. Rxa1 f5 20. Rc1 f4 21.
Qc4 Nb6 22. Qc3 fxg3 23. hxg3 h5 24. b5 h4 25. g4 h3 26. gxh3 Rxh3 27. Kg2 Rdh8
28. Rc2 Nd5 29. Qc4 Nf4+ 30. Kf1 Rh1# 0-1

[Event "Junior Online 4NCL Division 5"]
[Site "online"]
[Date "2020.05.07"]
[Round "4.122"]
[White "Xu, Jiarui"]
[Black "Clegg, Anya"]
[Result "1-0"]
[WhiteElo "1420"]
[BlackElo "1142"]
[PlyCount "25"]
[EventDate "2020.05.07"]
[WhiteTeam "Cambridge Chess & Go B"]
[BlackTeam "Bristol Bishops"]

1. e4 e5 2. Nf3 Nc6 3. Bc4 Bc5 4. d3 d6 5. Ng5 Nh6 6. Qf3 O-O 7. O-O Qe7 8. c3
Bg4 9. Qg3 Be6 10. Nxe6 fxe6 11. Bxh6 Qf6 12. Bxe6+ Qxe6 13. Qxg7# 1-0

[Event "Junior Online 4NCL Division 5"]
[Site "online"]
[Date "2020.05.07"]
[Round "4.123"]
[White "Manouvel, Maelys"]
[Black "Syposz, Adam"]
[Result "1-0"]
[WhiteElo "1037"]
[BlackElo "1337"]
[PlyCount "101"]
[EventDate "2020.05.07"]
[WhiteTeam "Bristol Bishops"]
[BlackTeam "Cambridge Chess & Go B"]

1. e4 e5 2. Nf3 d6 3. Nc3 Bg4 4. Be2 Nc6 5. d4 exd4 6. Nxd4 Bxe2 7. Ndxe2 Nf6
8. O-O Qe7 9. Ng3 Qd8 10. Bg5 Be7 11. Nd5 Nxd5 12. Qxd5 Bxg5 13. Nf5 O-O 14.
Qb3 g6 15. Ng3 Na5 16. Qd5 Nc6 17. Qb5 Rb8 18. Rad1 Qe7 19. Rd5 Bf6 20. Rfd1
Ne5 21. Qb4 Nc6 22. Qd2 Rfd8 23. Qc3 Bxc3 24. bxc3 f5 25. exf5 gxf5 26. Nxf5
Qf7 27. Nh6+ Kg7 28. Nxf7 Kxf7 29. Rf5+ Ke6 30. Rf3 Ne5 31. Rh3 Rh8 32. Re1 Kd7
33. f4 Nc6 34. f5 Rhf8 35. Rxh7+ Ne7 36. Rexe7+ Kc6 37. Rxc7+ Kb6 38. Rcf7 Rfc8
39. f6 Rxc3 40. Rd7 Kc6 41. Rc7+ Kb6 42. Rxc3 Ka5 43. Rf3 Rc8 44. f7 Rxc2 45.
f8=Q Rc1+ 46. Rf1 Rc2 47. Qxd6 Rxa2 48. Rh5+ Ka4 49. Qd4+ Kb3 50. Rh3+ Kc2 51.
Qc3# 1-0

[Event "Junior Online 4NCL Division 5"]
[Site "online"]
[Date "2020.05.07"]
[Round "4.124"]
[White "Lee, Isaac"]
[Black "Saha, Soumil"]
[Result "0-1"]
[WhiteElo "1240"]
[BlackElo "1075"]
[PlyCount "140"]
[EventDate "2020.05.07"]
[WhiteTeam "Cambridge Chess & Go B"]
[BlackTeam "Bristol Bishops"]

1. e4 e6 2. d4 d6 3. Nf3 Be7 4. Nc3 c5 5. dxc5 dxc5 6. Qxd8+ Bxd8 7. Be3 b6 8.
Bb5+ Bd7 9. Bxd7+ Nxd7 10. Bg5 Bxg5 11. Nxg5 Ne5 12. Nb5 Rc8 13. Nxa7 Ra8 14.
Nb5 Rc8 15. O-O-O Rb8 16. Nc7+ Ke7 17. Nb5 Nf6 18. f3 Rhe8 19. Nc7 Rec8 20. Nb5
Kf8 21. Nd6 Rd8 22. Nb5 Rxd1+ 23. Rxd1 Nc4 24. b3 Ne3 25. Rg1 c4 26. Kd2 cxb3
27. Kxe3 bxa2 28. Ra1 Ra8 29. Nc3 b5 30. Rxa2 Rb8 31. Ra5 b4 32. Nb5 Nd7 33.
Kd3 Nc5+ 34. Kc4 Nb7 35. Ra4 h6 36. Nh7+ Kg8 37. Rxb4 Na5+ 38. Kc5 Nb7+ 39. Kc6
Na5+ 40. Kc7 Rb7+ 41. Kd6 Rb6+ 42. Kc5 Rc6+ 43. Kd4 Rxc2 44. Nc3 Nc6+ 45. Kd3
Nxb4+ 46. Kc4 Rb2 47. Kd4 Nc2+ 48. Kd3 Nb4+ 49. Kc4 Kxh7 50. Kb5 Nd5+ 51. Kc4
Nxc3 52. Kxc3 Rxg2 53. h4 Rh2 54. Kd4 Rxh4 55. Ke5 Rh3 56. f4 Rh5+ 57. Kd4 g5
58. fxg5 hxg5 59. e5 g4 60. Ke4 g3 61. Kf3 Rg5 62. Kf4 Rg8 63. Kf3 g2 64. Kf4
g1=Q 65. Ke4 Rg4+ 66. Kf3 Qg3+ 67. Ke2 Qh2+ 68. Kd3 Qh3+ 69. Ke2 Rg2+ 70. Kf1
Qh1# 0-1

[Event "Junior Online 4NCL Division 5"]
[Site "online"]
[Date "2020.05.07"]
[Round "4.125"]
[White "Xu, Albert"]
[Black "Manouvel, Loic"]
[Result "1-0"]
[WhiteElo "1450"]
[BlackElo "1375"]
[PlyCount "75"]
[EventDate "2020.05.07"]
[WhiteTeam "Cambridge Chess & Go B"]
[BlackTeam "Bristol Bishops"]

1. e4 c5 2. Nf3 Nc6 3. Nc3 d6 4. Bc4 Nf6 5. d3 g6 6. Bf4 Bg7 7. O-O Bg4 8. h3
Bd7 9. Re1 O-O 10. e5 Nh5 11. Bh2 dxe5 12. Nxe5 Nxe5 13. Bxe5 Nf6 14. Qf3 Qb6
15. b3 Bc6 16. Qg3 Nh5 17. Qe3 Rfe8 18. Nd5 Bxd5 19. Bxd5 e6 20. Bf3 Nf6 21.
Qg5 a5 22. Bxf6 Bxf6 23. Qxf6 a4 24. Be4 axb3 25. axb3 Rad8 26. Re3 Rd6 27. Rf3
Rf8 28. h4 e5 29. Qxe5 f5 30. Bd5+ Rxd5 31. Qxd5+ Kg7 32. Re3 Qf6 33. Ra7 Rd8
34. Qxb7+ Kg8 35. Qxh7+ Kf8 36. Ree7 Re8 37. Rf7+ Qxf7 38. Rxf7# 1-0

[Event "Junior Online 4NCL Division 5"]
[Site "online"]
[Date "2020.05.07"]
[Round "4.126"]
[White "Clegg, Anya"]
[Black "Xu, Jiarui"]
[Result "0-1"]
[WhiteElo "1142"]
[BlackElo "1420"]
[PlyCount "74"]
[EventDate "2020.05.07"]
[WhiteTeam "Bristol Bishops"]
[BlackTeam "Cambridge Chess & Go B"]

1. d4 Nf6 2. Nf3 d5 3. e3 e6 4. Bd3 Nc6 5. O-O Bd6 6. c3 O-O 7. Nbd2 Bd7 8. e4
dxe4 9. Nxe4 Nxe4 10. Bxe4 f5 11. Bd3 h6 12. Qb3 Na5 13. Qc2 Nc6 14. Bd2 Qf6
15. Rae1 Rae8 16. Qc1 a6 17. Bf4 e5 18. dxe5 Bxe5 19. Nxe5 Nxe5 20. Bxe5 Rxe5
21. Qf4 Rfe8 22. Qc4+ Kh8 23. Qxc7 Rxe1 24. Rxe1 Rxe1+ 25. Bf1 Bb5 26. g3 Rxf1+
27. Kg2 Qc6+ 28. Qxc6 bxc6 29. a4 Bc4 30. b3 Bd3 31. b4 g5 32. h3 Ra1 33. a5
Rc1 34. g4 f4 35. Kh2 Rxc3 36. Kg2 Rc4 37. b5 cxb5 0-1

[Event "Junior Online 4NCL Division 5"]
[Site "online"]
[Date "2020.05.07"]
[Round "4.127"]
[White "Syposz, Adam"]
[Black "Manouvel, Maelys"]
[Result "0-1"]
[WhiteElo "1337"]
[BlackElo "1037"]
[PlyCount "120"]
[EventDate "2020.05.07"]
[WhiteTeam "Cambridge Chess & Go B"]
[BlackTeam "Bristol Bishops"]

1. e4 c6 2. Nf3 d5 3. exd5 cxd5 4. d4 Nc6 5. Nc3 Nf6 6. Bb5 Bg4 7. h3 Bh5 8.
O-O e6 9. Bg5 Be7 10. Qd2 Bxf3 11. gxf3 O-O 12. Kh1 Qc7 13. Rg1 Nh5 14. Bh6 Bf6
15. Be2 Nxd4 16. Bd1 Nf5 17. f4 Nxh6 18. Bxh5 Bxc3 19. Qxc3 Qxc3 20. bxc3 Rac8
21. Rae1 Rxc3 22. Rb1 Rxh3+ 23. Kg2 Rxh5 24. Rxb7 Ra8 25. a4 Rf5 26. Kg3 Rf6
27. Rgb1 g6 28. a5 Nf5+ 29. Kf3 Nd4+ 30. Ke3 Nxc2+ 31. Kd2 Nd4 32. a6 Rxf4 33.
Rb8+ Rxb8 34. Rxb8+ Kg7 35. Rb7 Nc6 36. Rc7 Rc4 37. Kd3 h5 38. f3 h4 39. Ke3 g5
40. Kf2 Kg6 41. Kg2 Rc2+ 42. Kh3 d4 43. Rd7 Rc3 44. Kg4 d3 45. Kh3 Kf6 46. Rd6
Ke5 47. Rd7 f5 48. Rg7 Kf6 49. Rc7 d2 50. Rd7 Rc2 51. Kg2 g4 52. fxg4 fxg4 53.
Kh2 h3 54. Kg3 Kg5 55. Rg7+ Kh5 56. Rd7 Rc3+ 57. Kh2 Kh4 58. Rxd2 g3+ 59. Kg1
Rc1+ 60. Rd1 Rxd1# 0-1

[Event "Junior Online 4NCL Division 5"]
[Site "online"]
[Date "2020.05.07"]
[Round "4.128"]
[White "Saha, Soumil"]
[Black "Lee, Isaac"]
[Result "0-1"]
[WhiteElo "1075"]
[BlackElo "1240"]
[PlyCount "100"]
[EventDate "2020.05.07"]
[WhiteTeam "Bristol Bishops"]
[BlackTeam "Cambridge Chess & Go B"]

1. d4 d5 2. c4 c6 3. Nc3 e6 4. Nf3 Nf6 5. Bg5 Be7 6. e3 a5 7. a4 b6 8. Be2 O-O
9. O-O Nbd7 10. cxd5 exd5 11. Bxf6 Bxf6 12. e4 dxe4 13. Nxe4 Re8 14. Nc3 c5 15.
d5 Ne5 16. Bb5 Bd7 17. Bxd7 Qxd7 18. Re1 Ng6 19. Rxe8+ Rxe8 20. Qb3 Rb8 21. Re1
Ne7 22. Qb5 Qxb5 23. Nxb5 Nxd5 24. b3 Bc3 25. Nxc3 Nxc3 26. Re3 Nd5 27. Rd3 Nf4
28. Rd7 h6 29. Ne5 Rf8 30. g3 Ne2+ 31. Kf1 Nc1 32. Nc6 Nxb3 33. Ne7+ Kh7 34.
Rb7 Re8 35. Nf5 Re5 36. Nd6 Nd2+ 37. Kg2 Kg6 38. Nxf7 Re4 39. Nh8+ Kh7 40. Nf7
Rxa4 41. Rxb6 c4 42. Rb8 c3 43. Rh8+ Kg6 44. Ne5+ Kf6 45. Nd7+ Kg5 46. Nc5 Rc4
47. Ne6+ Kf6 48. Re8 c2 49. Rd8 c1=Q 50. Nf4 Qf1# 0-1

[Event "Junior Online 4NCL Division 5"]
[Site "online"]
[Date "2020.05.07"]
[Round "4.131"]
[White "Dhir, Jai Alexander"]
[Black "Salussolia, Louis"]
[Result "1/2-1/2"]
[WhiteElo "1037"]
[BlackElo "1442"]
[PlyCount "38"]
[EventDate "2020.05.07"]
[WhiteTeam "Uxbridge Juniors Jamma"]
[BlackTeam "May the Fork Be With You 1"]

1. e4 e6 2. d4 d5 3. exd5 exd5 4. Nc3 Nf6 5. Bg5 Be7 6. Bxf6 Bxf6 7. Nf3 O-O 8.
Be2 Re8 9. O-O Nc6 10. Bb5 a6 11. Bxc6 bxc6 12. Re1 Bg4 13. Rxe8+ Qxe8 14. Qd3
Bxf3 15. Qxf3 Bxd4 16. Rd1 Bxc3 17. Qxc3 Qe7 18. Qxc6 Re8 19. h3 Rb8 1/2-1/2

[Event "Junior Online 4NCL Division 5"]
[Site "online"]
[Date "2020.05.07"]
[Round "4.132"]
[White "Shah, Rahul"]
[Black "Aurangabadkar, Anish R"]
[Result "1-0"]
[WhiteElo "1360"]
[BlackElo "1075"]
[PlyCount "23"]
[EventDate "2020.05.07"]
[WhiteTeam "May the Fork Be With You 1"]
[BlackTeam "Uxbridge Juniors Jamma"]

1. d4 d5 2. c4 dxc4 3. Nc3 Bf5 4. Nf3 Nc6 5. e3 Nb4 6. e4 Bg6 7. Qa4+ Nc6 8. d5
Qd7 9. dxc6 bxc6 10. Ne5 Qd4 11. Qxc6+ Kd8 12. Qxa8# 1-0

[Event "Junior Online 4NCL Division 5"]
[Site "online"]
[Date "2020.05.07"]
[Round "4.133"]
[White "Ng, Jacob"]
[Black "Walia, Michael Kanishk"]
[Result "0-1"]
[WhiteElo "925"]
[BlackElo "1330"]
[PlyCount "50"]
[EventDate "2020.05.07"]
[WhiteTeam "Uxbridge Juniors Jamma"]
[BlackTeam "May the Fork Be With You 1"]

1. d4 d5 2. Nc3 Nf6 3. Nf3 e6 4. Bf4 Bb4 5. Bd2 Nbd7 6. g3 b6 7. Bg2 Bb7 8. Rg1
Qe7 9. a3 Bd6 10. Bf4 Bxf4 11. gxf4 c5 12. dxc5 Nxc5 13. b4 Nce4 14. Nxe4 Nxe4
15. Ne5 Nf6 16. Kf1 O-O 17. e3 Rad8 18. c3 Qc7 19. Qc2 Ba6+ 20. Ke1 d4 21. Rd1
Qxc3+ 22. Qxc3 dxc3 23. Rxd8 Rxd8 24. Nc6 c2 25. Nxd8 c1=Q# 0-1

[Event "Junior Online 4NCL Division 5"]
[Site "online"]
[Date "2020.05.07"]
[Round "4.134"]
[White "Barbier-Ramaiah, Riya Aude"]
[Black "Shotton, Marcus"]
[Result "1-0"]
[WhiteElo "1337"]
[BlackElo "827"]
[PlyCount "79"]
[EventDate "2020.05.07"]
[WhiteTeam "May the Fork Be With You 1"]
[BlackTeam "Uxbridge Juniors Jamma"]

1. e4 e5 2. Nf3 Nc6 3. d4 Bb4+ 4. c3 Bf8 5. d5 Na5 6. b4 b6 7. bxa5 bxa5 8.
Nxe5 Rb8 9. Qf3 f6 10. Qh5+ g6 11. Nxg6 hxg6 12. Qxh8 Nh6 13. Bxh6 Kf7 14. Bxf8
Qxf8 15. Qxf8+ Kxf8 16. Nd2 f5 17. Bd3 f4 18. O-O g5 19. Rab1 Rxb1 20. Rxb1 Ke7
21. c4 Ba6 22. Kf1 c6 23. Rb3 cxd5 24. cxd5 a4 25. Ra3 Bxd3+ 26. Rxd3 a6 27.
Ra3 g4 28. Rxa4 f3 29. gxf3 gxf3 30. Nxf3 d6 31. Rxa6 Kd7 32. Rc6 Ke7 33. a4
Kd7 34. a5 Ke7 35. a6 Kd7 36. a7 Ke7 37. a8=Q Kf6 38. Rxd6+ Kg7 39. Qa7+ Kg8
40. Rd8# 1-0

[Event "Junior Online 4NCL Division 5"]
[Site "online"]
[Date "2020.05.07"]
[Round "4.135"]
[White "Salussolia, Louis"]
[Black "Dhir, Jai Alexander"]
[Result "1-0"]
[WhiteElo "1442"]
[BlackElo "1037"]
[PlyCount "45"]
[EventDate "2020.05.07"]
[WhiteTeam "May the Fork Be With You 1"]
[BlackTeam "Uxbridge Juniors Jamma"]

1. e4 e6 2. d4 d5 3. Nd2 Bb4 4. c3 Ba5 5. Qa4+ Bd7 6. Qxa5 Nc6 7. Qa3 Nf6 8. e5
Ne4 9. Nxe4 dxe4 10. b3 Qe7 11. g3 O-O 12. Qxe7 Nxe7 13. Ba3 Nc6 14. Bxf8 Kxf8
15. Bg2 f6 16. exf6 gxf6 17. Bxe4 e5 18. Bxh7 Bg4 19. dxe5 Nxe5 20. Be4 Re8 21.
Kf1 Nc4 22. bxc4 Rxe4 23. f3 1-0

[Event "Junior Online 4NCL Division 5"]
[Site "online"]
[Date "2020.05.07"]
[Round "4.136"]
[White "Aurangabadkar, Anish R"]
[Black "Shah, Rahul"]
[Result "0-1"]
[WhiteElo "1075"]
[BlackElo "1360"]
[PlyCount "160"]
[EventDate "2020.05.07"]
[WhiteTeam "Uxbridge Juniors Jamma"]
[BlackTeam "May the Fork Be With You 1"]

1. e4 c5 2. Nf3 d6 3. Bc4 Nf6 4. Ng5 e6 5. O-O Nc6 6. Nc3 g6 7. d3 Bg7 8. Bf4
Nh5 9. Be3 O-O 10. Bd2 a6 11. Qf3 b5 12. Bb3 Bh6 13. h4 Ne5 14. Qe2 Bb7 15. a3
Rc8 16. a4 c4 17. dxc4 bxc4 18. Ba2 Qb6 19. Be3 Qxb2 20. Bd4 Qa3 21. Rfb1 Nf4
22. Qd1 d5 23. Rxb7 Nc6 24. Rb6 Nxd4 25. Qxd4 Qxc3 26. Qxc3 Ne2+ 27. Kf1 Nxc3
28. Rxa6 Bxg5 29. hxg5 Nxe4 30. f4 Nd2+ 31. Ke1 Ne4 32. a5 Ra8 33. Rxa8 Rxa8
34. Bb1 Nc3 35. a6 Nxb1 36. Rxb1 Rxa6 37. Rb8+ Kg7 38. Rb4 Ra1+ 39. Kd2 Rg1 40.
Ke3 Rxg2 41. c3 Rg3+ 42. Kd2 Rf3 43. Kc2 Rxf4 44. Rb7 Rg4 45. Kd2 Rxg5 46. Ke3
Rf5 47. Kd4 h5 48. Rb2 h4 49. Rh2 Rh5 50. Ke3 g5 51. Kf3 f5 52. Kg2 g4 53. Kf2
g3+ 54. Kf3 gxh2 55. Kg2 h3+ 56. Kxh2 f4 57. Kh1 f3 58. Kg1 h2+ 59. Kh1 f2 60.
Kg2 f1=Q+ 61. Kxf1 h1=Q+ 62. Kf2 Rh2+ 63. Kg3 Qg2+ 64. Kf4 Rh4+ 65. Ke5 Re4+
66. Kd6 Qg3+ 67. Ke7 Qg4 68. Kd6 Qf4+ 69. Ke7 Qf6+ 70. Kd7 d4 71. cxd4 Rxd4+
72. Kc6 e5+ 73. Kc5 Qd6+ 74. Kb5 c3 75. Ka5 Qb4+ 76. Ka6 Rd5 77. Ka7 Qe7+ 78.
Kb6 Qe6+ 79. Kc7 Rd7+ 80. Kb8 Qe8# 0-1

[Event "Junior Online 4NCL Division 5"]
[Site "online"]
[Date "2020.05.07"]
[Round "4.137"]
[White "Walia, Michael Kanishk"]
[Black "Ng, Jacob"]
[Result "0-1"]
[WhiteElo "1330"]
[BlackElo "925"]
[PlyCount "52"]
[EventDate "2020.05.07"]
[WhiteTeam "May the Fork Be With You 1"]
[BlackTeam "Uxbridge Juniors Jamma"]

1. e4 e5 2. Nf3 Nc6 3. d4 exd4 4. Nxd4 Nxd4 5. Qxd4 d6 6. Bc4 Be6 7. Bxe6 fxe6
8. Nc3 e5 9. Qd1 Nf6 10. Bg5 Be7 11. O-O h6 12. Bxf6 gxf6 13. Qh5+ Kd7 14. Nd5
Rg8 15. Qf5+ Ke8 16. Qh5+ Kd7 17. Qxh6 c6 18. Nc3 Bf8 19. Qd2 Rc8 20. f4 Kc7
21. fxe5 dxe5 22. Qxd8+ Rxd8 23. Rxf6 Rd2 24. Raf1 Rgxg2+ 25. Kh1 Rxh2+ 26. Kg1
Rdg2# 0-1

[Event "Junior Online 4NCL Division 5"]
[Site "online"]
[Date "2020.05.07"]
[Round "4.138"]
[White "Shotton, Marcus"]
[Black "Barbier-Ramaiah, Riya Aude"]
[Result "1-0"]
[WhiteElo "827"]
[BlackElo "1337"]
[PlyCount "94"]
[EventDate "2020.05.07"]
[WhiteTeam "Uxbridge Juniors Jamma"]
[BlackTeam "May the Fork Be With You 1"]

1. d4 d5 2. e3 Bf5 3. c3 e6 4. Qa4+ c6 5. Bb5 cxb5 6. Qxb5+ Qd7 7. Qxd7+ Nxd7
8. Nf3 Ngf6 9. Nh4 Bd3 10. Kd2 Be4 11. f3 Bxb1 12. Rxb1 g5 13. Nf5 exf5 14. e4
fxe4 15. fxe4 Nxe4+ 16. Kd3 Nf2+ 17. Ke2 Nxh1 18. Bxg5 Rg8 19. h4 Ng3+ 20. Kf3
Ne4 21. Bf4 Bd6 22. Bh6 Rg6 23. Be3 Rg3+ 24. Ke2 Rxg2+ 25. Kf3 Rg3+ 26. Ke2
O-O-O 27. Rf1 Rg2+ 28. Kf3 Rxb2 29. Bg5 Nd2+ 30. Bxd2 Rxd2 31. Rc1 Rxa2 32. c4
Ra3+ 33. Ke2 dxc4 34. Rxc4+ Kb8 35. h5 Rh3 36. h6 Rxh6 37. d5 Rh5 38. Rd4 Bc5
39. Ke3 Bxd4+ 40. Kxd4 Nf6 41. d6 Rxd6+ 42. Kc4 Ne8 43. Kb4 Rg6 44. Kc4 Rg4+
45. Kc3 Rh3+ 46. Kd2 Rg2+ 47. Ke1 Rh1# 1-0

[Event "Junior Online 4NCL Division 5"]
[Site "online"]
[Date "2020.05.07"]
[Round "4.141"]
[White "Cepoi, Gesneria"]
[Black "Bhasin, Aadit"]
[Result "1/2-1/2"]
[WhiteElo "1075"]
[BlackElo "1255"]
[PlyCount "80"]
[EventDate "2020.05.07"]
[WhiteTeam "Uxbridge Juniors Girls"]
[BlackTeam "Dulwich College Junior B"]

1. e4 c5 2. Nf3 d6 3. d3 Nf6 4. Bf4 g6 5. e5 dxe5 6. Bxe5 Bg7 7. d4 cxd4 8.
Bxd4 O-O 9. Bc4 Nc6 10. O-O Nxd4 11. Nxd4 Ne8 12. c3 e5 13. Nf3 Qxd1 14. Rxd1
Bg4 15. Nbd2 Rd8 16. Be2 Bxf3 17. Bxf3 Bh6 18. Bxb7 Rxd2 19. Kf1 Rxd1+ 20. Rxd1
Nf6 21. Rd6 Ne4 22. Bxe4 f5 23. Bd5+ Kh8 24. g3 Bg5 25. h4 Rd8 26. Rxd8+ Bxd8
27. Kg2 f4 28. gxf4 exf4 29. b4 Bxh4 30. c4 Be7 31. c5 Bd8 32. a4 Bc7 33. a5
Be5 34. Kf3 Bc3 35. b5 Bxa5 36. c6 g5 37. Kg4 h6 38. f3 Kg7 39. Kh5 Bc7 40. Be4
Bb6 1/2-1/2

[Event "Junior Online 4NCL Division 5"]
[Site "online"]
[Date "2020.05.07"]
[Round "4.142"]
[White "Sharma, Ayush"]
[Black "Knight, Zoe B"]
[Result "1-0"]
[WhiteElo "1180"]
[BlackElo "1007"]
[PlyCount "27"]
[EventDate "2020.05.07"]
[WhiteTeam "Dulwich College Junior B"]
[BlackTeam "Uxbridge Juniors Girls"]

1. e4 e5 2. Nf3 Nc6 3. Nc3 Bc5 4. Nxe5 Nxe5 5. d4 Bxd4 6. Qxd4 d6 7. Bf4 Ne7 8.
O-O-O N7c6 9. Qd2 O-O 10. Bb5 a6 11. Bxc6 bxc6 12. Bxe5 dxe5 13. Qxd8 Rxd8 14.
Rxd8# 1-0

[Event "Junior Online 4NCL Division 5"]
[Site "online"]
[Date "2020.05.07"]
[Round "4.143"]
[White "Siddiqui, Zainab"]
[Black "Ovchinnikov, Ivan"]
[Result "0-1"]
[WhiteElo "820"]
[BlackElo "1150"]
[PlyCount "74"]
[EventDate "2020.05.07"]
[WhiteTeam "Uxbridge Juniors Girls"]
[BlackTeam "Dulwich College Junior B"]

1. e4 e5 2. Nf3 Nc6 3. Bc4 Bb4 4. a3 Bc5 5. d3 Nf6 6. Ng5 O-O 7. O-O h6 8. Nh3
d6 9. b4 Bb6 10. b5 Nd4 11. c3 Ne6 12. Be3 c6 13. bxc6 bxc6 14. a4 Bxe3 15.
fxe3 d5 16. exd5 cxd5 17. Bb5 e4 18. dxe4 dxe4 19. Bc6 Rb8 20. Nf2 Bb7 21. Nxe4
Nxe4 22. Bxb7 Rxb7 23. Qg4 f5 24. Qe2 Qb8 25. Qc4 Nd6 26. Qxe6+ Rff7 27. Na3
Rb3 28. Rab1 Rxb1 29. Rxb1 Qc7 30. Rd1 Qxc3 31. Qxd6 Rc7 32. Qd8+ Kh7 33. Nb5
Qxe3+ 34. Kf1 Rc2 35. Rd2 Rxd2 36. Qd5 Rxd5 37. Nc7 Rd1# 0-1